000 00683nam a2200217 a 4500
001 000015283
005 20240530073917.0
008 100204s2003 dr 000 f spa d
020 _z9993420435
040 _aDO-SdBNP
_bspa
_cBNPHU
082 _aRD863.44
_bS718s
100 1 _aSoto, Alexis
_926934
245 1 3 _aLa sobrina del cardenal :
_bnovela /
_cAlexis Soto.
260 _aSanto Domingo :
_bManatí,
_c2003.
300 _a214 p. ;
_c21 cm.
500 _aIncluye datos biográficos del autor en la contracubierta.
590 _aInventariado, 2019/VM
650 0 _aNovela dominicana
_9223
650 0 _aLiteratura dominicana.
_967
910 _aValidado. Control de calidad MFF
999 _c14849
_d14849